[Event "OeISM Blitz U10 B"]
[Site "austriaU10b"]
[Date "2020.12.11"]
[Round "7"]
[White "Chesstornado2011"]
[Black "Davidalaba"]
[Result "0-1"]
[WhiteElo "1540"]
[BlackElo "1449"]
[Annotator "NA"]
[PlyCount "166"]
[EventDate "2020.12.11"]
[EventType "blitz"]

1. e4 {[%emt 0:00:06]} e5 {[%emt 0:00:03]} 2. Nf3 {[%emt 0:00:01]} Nc6 {[%emt 0:00:02]} 3. Bc4 {[%emt 0:00:02]} Bc5 {[%emt 0:00:03]} 4. Nc3 {[%emt 0:00:04]} Nf6 {[%emt 0:00:04]} 5. d3 {[%emt 0:00:02]} d6 {[%emt 0:00:02]} 6. h3 {[%emt 0:00:04]} h6 {[%emt 0:00:03]} 7. Be3 {[%emt 0:00:05]} Bxe3 {[%emt 0:00:03]} 8. fxe3 {[%emt 0:00:02]} O-O {[%emt 0:00:01]} 9. O-O {[%emt 0:00:04]} a6 {[%emt 0:00:09]} 10. a4 {[%emt 0:00:05]} Re8 {[%emt 0:00:04]} 11. Bb3 {[%emt 0:00:13]} Be6 {[%emt 0:00:06]} 12. Bxe6 {[%emt 0:00:06]} Rxe6 {[%emt 0:00:00]} 13. Nd2 {[%emt 0:00:07]} Qe7 {[%emt 0:00:06]} 14. Nd5 {[%emt 0:00:06]} Qd8 {[%emt 0:00:10]} 15. Nxf6+ {[%emt 0:00:06]} Rxf6 {[%emt 0:00:03]} 16. Rxf6 {[%emt 0:00:02]} Qxf6 {[%emt 0:00:00] Davidalaba offers a draw} 17. Qf1 {[%emt 0:00:05]} Qxf1+ {[%emt 0:00:03]} 18. Rxf1 {[%emt 0:00:05]} Rf8 {[%emt 0:00:06]} 19. c3 {[%emt 0:00:06]} Rd8 {[%emt 0:00:03]} 20. d4 {[%emt 0:00:07]} exd4 {[%emt 0:00:04]} 21. exd4 {[%emt 0:00:03]} d5 {[%emt 0:00:02]} 22. exd5 {[%emt 0:00:05]} Rxd5 {[%emt 0:00:00]} 23. b4 {[%emt 0:00:09]} Nb8 {[%emt 0:00:12]} 24. Re1 {[%emt 0:00:09]} Kf8 {[%emt 0:00:07]} 25. Nf3 {[%emt 0:00:08]} Rd6 {[%emt 0:00:05]} 26. Ne5 {[%emt 0:00:05]} f6 {[%emt 0:00:05]} 27. Ng6+ {[%emt 0:00:04]} Kf7 {[%emt 0:00:03]} 28. Nf4 {[%emt 0:00:07]} Rc6 {[%emt 0:00:04]} 29. Re3 {[%emt 0:00:06]} Nd7 {[%emt 0:00:03]} 30. Ne2 {[%emt 0:00:09]} Nb6 {[%emt 0:00:02]} 31. a5 {[%emt 0:00:05]} Nc4 {[%emt 0:00:05]} 32. Rd3 {[%emt 0:00:03]} Nb2 {[%emt 0:00:08]} 33. Rd2 {[%emt 0:00:06]} Nc4 {[%emt 0:00:02]} 34. Rd3 {[%emt 0:00:02]} Nd6 {[%emt 0:00:04]} 35. Kf2 {[%emt 0:00:07]} Nb5 {[%emt 0:00:04]} 36. Kf3 {[%emt 0:00:17] Davidalaba offers a draw} Re6 {[%emt 0:00:09]} 37. Nf4 {[%emt 0:00:09]} Rc6 {[%emt 0:00:10]} 38. Ke4 {[%emt 0:00:05]} Nxc3+ {[%emt 0:00:04] Chesstornado2011 offers a draw} 39. Kf3 {[%emt 0:00:11]} Nb5 {[%emt 0:00:06]} 40. d5 {[%emt 0:00:05]} Rd6 {[%emt 0:00:04]} 41. Ne6 {[%emt 0:00:19]} c6 {[%emt 0:00:08]} 42. Nf4 {[%emt 0:00:02]} g5 {[%emt 0:00:11]} 43. Ne6 {[%emt 0:00:07]} cxd5 {[%emt 0:00:06]} 44. Nd4 {[%emt 0:00:03]} Nxd4+ {[%emt 0:00:02]} 45. Rxd4 {[%emt 0:00:03] .} Ke6 {[%emt 0:00:02]} 46. Rd2 {[%emt 0:00:00]} Ke5 {[%emt 0:00:03]} 47. Re2+ {[%emt 0:00:00]} Kf5 {[%emt 0:00:01]} 48. Re3 {[%emt 0:00:00]} d4 {[%emt 0:00:03]} 49. Rd3 {[%emt 0:00:01]} Ke5 {[%emt 0:00:03]} 50. g4 {[%emt 0:00:01]} f5 {[%emt 0:00:03]} 51. gxf5 {[%emt 0:00:02]} Kxf5 {[%emt 0:00:01]} 52. Kg3 {[%emt 0:00:02]} Ke5 {[%emt 0:00:02]} 53. Rd1 {[%emt 0:00:01]} h5 {[%emt 0:00:03]} 54. Kf2 {[%emt 0:00:01]} d3 {[%emt 0:00:01]} 55. Ke3 {[%emt 0:00:03]} g4 {[%emt 0:00:03]} 56. hxg4 {[%emt 0:00:03]} hxg4 {[%emt 0:00:02]} 57. Kf2 {[%emt 0:00:02]} Ke4 {[%emt 0:00:04]} 58. Kg3 {[%emt 0:00:00]} Ke3 {[%emt 0:00:02]} 59. Kxg4 {[%emt 0:00:01]} Ke2 {[%emt 0:00:02]} 60. Rh1 {[%emt 0:00:02]} d2 {[%emt 0:00:01]} 61. Rh2+ {[%emt 0:00:01]} Ke3 {[%emt 0:00:02]} 62. Rh3+ {[%emt 0:00:01]} Kd4 {[%emt 0:00:02]} 63. Rh1 {[%emt 0:00:04]} Ke3 {[%emt 0:00:03]} 64. Rh3+ {[%emt 0:00:03]} Ke4 {[%emt 0:00:02]} 65. Rh1 {[%emt 0:00:02]} d1=Q+ {[%emt 0:00:04]} 66. Rxd1 {[%emt 0:00:02]} Rxd1 {[%emt 0:00:00]} 67. b5 {[%emt 0:00:01]} Rb1 {[%emt 0:00:00]} 68. bxa6 {[%emt 0:00:03]} bxa6 {[%emt 0:00:01]} 69. Kg5 {[%emt 0:00:01]} Ra1 {[%emt 0:00:01]} 70. Kf6 {[%emt 0:00:00]} Rxa5 {[%emt 0:00:02]} 71. Kf7 {[%emt 0:00:00]} Rb5 {[%emt 0:00:02]} 72. Ke6 {[%emt 0:00:00]} Rb6+ {[%emt 0:00:03]} 73. Kf7 {[%emt 0:00:00]} Ke5 {[%emt 0:00:02]} 74. Kg7 {[%emt 0:00:00]} Kf5 {[%emt 0:00:01]} 75. Kh7 {[%emt 0:00:00]} Kg5 {[%emt 0:00:01]} 76. Kg8 {[%emt 0:00:02]} Rb7 {[%emt 0:00:02]} 77. Kf8 {[%emt 0:00:01]} Kf6 {[%emt 0:00:02]} 78. Ke8 {[%emt 0:00:01]} Rh7 {[%emt 0:00:02]} 79. Kd8 {[%emt 0:00:03]} Ke6 {[%emt 0:00:01]} 80. Kc8 {[%emt 0:00:00]} Kd6 {[%emt 0:00:01]} 81. Kb8 {[%emt 0:00:00]} Kc6 {[%emt 0:00:01]} 82. Ka8 {[%emt 0:00:02]} Kb6 {[%emt 0:00:01]} 83. Kb8 {[%emt 0:00:01]} Rh8# {[%emt 0:00:01] Mate Mate} 0-1

[Event "OeISM Blitz U10 B"]
[Site "austriaU10b"]
[Date "2020.12.11"]
[Round "7"]
[White "nikolaus2709"]
[Black "Derenick2010"]
[Result "0-1"]
[WhiteElo "1539"]
[BlackElo "1581"]
[Annotator "NA"]
[PlyCount "126"]
[EventDate "2020.12.11"]
[EventType "blitz"]

1. e4 {[%emt 0:00:03]} e5 {[%emt 0:00:23]} 2. Nf3 {[%emt 0:00:03]} Nc6 {[%emt 0:00:03]} 3. Bc4 {[%emt 0:00:02]} Bc5 {[%emt 0:00:04]} 4. c3 {[%emt 0:00:02]} d6 {[%emt 0:00:05]} 5. d4 {[%emt 0:00:02]} exd4 {[%emt 0:00:02]} 6. cxd4 {[%emt 0:00:01]} Bb4+ {[%emt 0:00:03]} 7. Bd2 {[%emt 0:00:02]} Bxd2+ {[%emt 0:00:03]} 8. Nbxd2 {[%emt 0:00:02]} Bg4 {[%emt 0:00:03]} 9. h3 {[%emt 0:00:04]} Bh5 {[%emt 0:00:03]} 10. O-O {[%emt 0:00:02]} Nxd4 {[%emt 0:00:06]} 11. Qa4+ {[%emt 0:00:09]} Nc6 {[%emt 0:00:13]} 12. e5 {[%emt 0:00:21]} dxe5 {[%emt 0:00:05]} 13. Nxe5 {[%emt 0:00:04]} Nf6 {[%emt 0:00:23]} 14. Nxc6 {[%emt 0:00:20]} bxc6 {[%emt 0:00:10]} 15. Rfe1+ {[%emt 0:00:02]} Kf8 {[%emt 0:00:08]} 16. Qxc6 {[%emt 0:00:10]} Rc8 {[%emt 0:00:20]} 17. Rad1 {[%emt 0:00:20]} Bxd1 {[%emt 0:00:04]} 18. Rxd1 {[%emt 0:00:01]} Qd6 {[%emt 0:00:12]} 19. Qb7 {[%emt 0:00:09]} Qd8 {[%emt 0:00:12]} 20. Qxa7 {[%emt 0:00:10]} g6 {[%emt 0:00:07]} 21. Bb3 {[%emt 0:00:10]} Kg7 {[%emt 0:00:07]} 22. Nf3 {[%emt 0:00:04]} Ra8 {[%emt 0:00:17]} 23. Rxd8 {[%emt 0:00:12]} Rxa7 {[%emt 0:00:03]} 24. Rxh8 {[%emt 0:00:02]} Kxh8 {[%emt 0:00:02]} 25. Kf1 {[%emt 0:00:03]} Ne4 {[%emt 0:00:03]} 26. Ke2 {[%emt 0:00:04]} c5 {[%emt 0:00:03]} 27. Ne5 {[%emt 0:00:09]} Re7 {[%emt 0:00:04]} 28. Nxf7+ {[%emt 0:00:05]} Kg7 {[%emt 0:00:05]} 29. Kf3 {[%emt 0:00:10]} Nd2+ {[%emt 0:00:08]} 30. Kg4 {[%emt 0:00:07]} Nxb3 {[%emt 0:00:01]} 31. axb3 {[%emt 0:00:02]} Re2 {[%emt 0:00:03]} 32. Ng5 {[%emt 0:00:07]} Rxb2 {[%emt 0:00:02]} 33. Nf3 {[%emt 0:00:02]} Rxf2 {[%emt 0:00:02]} 34. Kg3 {[%emt 0:00:03]} Rb2 {[%emt 0:00:01]} 35. Kf4 {[%emt 0:00:06]} Rxb3 {[%emt 0:00:01]} 36. Ke5 {[%emt 0:00:03]} c4 {[%emt 0:00:01]} 37. Nd4 {[%emt 0:00:07]} Rd3 {[%emt 0:00:05]} 38. Kd5 {[%emt 0:00:03]} c3 {[%emt 0:00:01]} 39. Kc4 {[%emt 0:00:04]} c2 {[%emt 0:00:02]} 40. Nxc2 {[%emt 0:00:06]} Rg3 {[%emt 0:00:02]} 41. Nd4 {[%emt 0:00:05]} Rxg2 {[%emt 0:00:01]} 42. Kd3 {[%emt 0:00:01]} Rh2 {[%emt 0:00:01]} 43. Ke3 {[%emt 0:00:04]} Rxh3+ {[%emt 0:00:01]} 44. Nf3 {[%emt 0:00:03]} g5 {[%emt 0:00:03]} 45. Ke4 {[%emt 0:00:03]} g4 {[%emt 0:00:04]} 46. Ng5 {[%emt 0:00:02]} Rh5 {[%emt 0:00:05]} 47. Kf4 {[%emt 0:00:02]} g3 {[%emt 0:00:03]} 48. Ne6+ {[%emt 0:00:08]} Kf6 {[%emt 0:00:05]} 49. Ng5 {[%emt 0:00:02]} Rxg5 {[%emt 0:00:02]} 50. Kf3 {[%emt 0:00:03]} g2 {[%emt 0:00:01]} 51. Kf2 {[%emt 0:00:01]} g1=Q+ {[%emt 0:00:01]} 52. Kf3 {[%emt 0:00:01]} Rf5+ {[%emt 0:00:01]} 53. Ke4 {[%emt 0:00:02]} Qe1+ {[%emt 0:00:01]} 54. Kd3 {[%emt 0:00:01]} Rd5+ {[%emt 0:00:01]} 55. Kc2 {[%emt 0:00:01]} Qd1+ {[%emt 0:00:04]} 56. Kb2 {[%emt 0:00:03]} Rb5+ {[%emt 0:00:01]} 57. Kc3 {[%emt 0:00:01]} Rc5+ {[%emt 0:00:02]} 58. Kb2 {[%emt 0:00:02]} Qc2+ {[%emt 0:00:02]} 59. Ka3 {[%emt 0:00:02]} Ra5+ {[%emt 0:00:01]} 60. Kb4 {[%emt 0:00:02]} Qc5+ {[%emt 0:00:03]} 61. Kb3 {[%emt 0:00:01]} Ra3+ {[%emt 0:00:02]} 62. Kb2 {[%emt 0:00:01]} Qc3+ {[%emt 0:00:01]} 63. Kb1 {[%emt 0:00:01]} Ra1# {[%emt 0:00:01] Mate Mate} 0-1

[Event "OeISM Blitz U10 B"]
[Site "austriaU10b"]
[Date "2020.12.11"]
[Round "7"]
[White "Widder2010"]
[Black "Noeldep3f"]
[Result "1-0"]
[WhiteElo "1501"]
[BlackElo "1540"]
[Annotator "NA"]
[PlyCount "105"]
[EventDate "2020.12.11"]
[EventType "blitz"]

1. d4 {[%emt 0:00:03]} d5 {[%emt 0:02:00]} 2. c4 {[%emt 0:00:02]} dxc4 {[%emt 0:00:02]} 3. e3 {[%emt 0:00:03]} Nf6 {[%emt 0:00:02]} 4. Bxc4 {[%emt 0:00:02]} Nc6 {[%emt 0:00:04]} 5. Nc3 {[%emt 0:00:02]} e5 {[%emt 0:00:02]} 6. dxe5 {[%emt 0:00:05]} Qxd1+ {[%emt 0:00:02]} 7. Kxd1 {[%emt 0:00:02]} Nxe5 {[%emt 0:00:02]} 8. Bb3 {[%emt 0:00:04]} Bd6 {[%emt 0:00:01]} 9. Ke2 {[%emt 0:00:03]} O-O {[%emt 0:00:00]} 10. Bd2 {[%emt 0:00:08]} Ng6 {[%emt 0:00:02]} 11. Nf3 {[%emt 0:00:04]} b6 {[%emt 0:00:00]} 12. Nd5 {[%emt 0:00:03]} Ba6+ {[%emt 0:00:01]} 13. Ke1 {[%emt 0:00:08]} Ne4 {[%emt 0:00:01]} 14. Nc3 {[%emt 0:00:13]} Nxd2 {[%emt 0:00:05]} 15. Nxd2 {[%emt 0:00:03]} Bb4 {[%emt 0:00:03]} 16. Bc4 {[%emt 0:00:03]} Bxc4 {[%emt 0:00:02]} 17. Nxc4 {[%emt 0:00:03]} Bxc3+ {[%emt 0:00:00]} 18. bxc3 {[%emt 0:00:01]} Rad8 {[%emt 0:00:02]} 19. Ke2 {[%emt 0:00:03]} Rfe8 {[%emt 0:00:01]} 20. Rad1 {[%emt 0:00:10]} Nf4+ {[%emt 0:00:01]} 21. Kf3 {[%emt 0:00:09]} Ng6 {[%emt 0:00:05]} 22. h3 {[%emt 0:00:14]} h6 {[%emt 0:00:03]} 23. g3 {[%emt 0:00:07]} Kh7 {[%emt 0:00:08]} 24. Ke2 {[%emt 0:00:02]} Kg8 {[%emt 0:00:02]} 25. Rd2 {[%emt 0:00:04]} b5 {[%emt 0:00:01]} 26. Na5 {[%emt 0:00:10]} Rxd2+ {[%emt 0:00:05]} 27. Kxd2 {[%emt 0:00:02]} Rd8+ {[%emt 0:00:01]} 28. Ke2 {[%emt 0:00:02]} Ne5 {[%emt 0:00:01]} 29. Rd1 {[%emt 0:00:08]} Rxd1 {[%emt 0:00:03]} 30. Kxd1 {[%emt 0:00:02]} Nc4 {[%emt 0:00:02]} 31. Nxc4 {[%emt 0:00:02]} bxc4 {[%emt 0:00:02]} 32. Kc2 {[%emt 0:00:01]} c5 {[%emt 0:00:04]} 33. Kb2 {[%emt 0:00:02]} f5 {[%emt 0:00:02]} 34. Ka3 {[%emt 0:00:02]} a6 {[%emt 0:00:02]} 35. Ka4 {[%emt 0:00:01]} Kf7 {[%emt 0:00:01]} 36. Ka5 {[%emt 0:00:01]} Ke6 {[%emt 0:00:01]} 37. Kxa6 {[%emt 0:00:01]} Kd6 {[%emt 0:00:01]} 38. Kb6 {[%emt 0:00:02]} g5 {[%emt 0:00:02]} 39. f3 {[%emt 0:00:02]} Kd5 {[%emt 0:00:01]} 40. a4 {[%emt 0:00:02]} f4 {[%emt 0:00:04]} 41. gxf4 {[%emt 0:00:04]} gxf4 {[%emt 0:00:03]} 42. exf4 {[%emt 0:00:01] Noeldep3f offers a draw} Kd6 {[%emt 0:00:08]} 43. a5 {[%emt 0:00:02]} Kd7 {[%emt 0:00:02]} 44. a6 {[%emt 0:00:01]} Kc8 {[%emt 0:00:01]} 45. f5 {[%emt 0:00:03]} Kb8 {[%emt 0:00:02]} 46. f6 {[%emt 0:00:01]} Kc8 {[%emt 0:00:01]} 47. f7 {[%emt 0:00:01]} Kd7 {[%emt 0:00:05]} 48. f8=Q {[%emt 0:00:02]} Ke6 {[%emt 0:00:03]} 49. Qxh6+ {[%emt 0:00:03]} Ke7 {[%emt 0:00:02]} 50. a7 {[%emt 0:00:02]} Kd7 {[%emt 0:00:02]} 51. a8=Q {[%emt 0:00:04]} Ke7 {[%emt 0:00:02]} 52. Qb7+ {[%emt 0:00:02]} Kd8 {[%emt 0:00:02]} 53. Qh8# {[%emt 0:00:02] Mate Mate} 1-0

[Event "OeISM Blitz U10 B"]
[Site "austriaU10b"]
[Date "2020.12.11"]
[Round "7"]
[White "Felix808"]
[Black "BeatG10"]
[Result "1-0"]
[WhiteElo "1450"]
[BlackElo "1336"]
[Annotator "NA"]
[PlyCount "189"]
[EventDate "2020.12.11"]
[EventType "blitz"]

1. e4 {[%emt 0:00:04]} e6 {[%emt 0:00:01]} 2. d4 {[%emt 0:00:03]} d6 {[%emt 0:00:01]} 3. Nf3 {[%emt 0:00:02]} d5 {[%emt 0:00:01]} 4. exd5 {[%emt 0:00:02]} exd5 {[%emt 0:00:01]} 5. Nc3 {[%emt 0:00:02]} Nf6 {[%emt 0:00:01]} 6. Bg5 {[%emt 0:00:03]} Be6 {[%emt 0:00:15]} 7. g3 {[%emt 0:00:07]} Nc6 {[%emt 0:00:03]} 8. Bg2 {[%emt 0:00:03]} Be7 {[%emt 0:00:12]} 9. O-O {[%emt 0:00:10]} h6 {[%emt 0:00:04]} 10. Bxf6 {[%emt 0:00:09]} Bxf6 {[%emt 0:00:04]} 11. Re1 {[%emt 0:00:05]} O-O {[%emt 0:00:02]} 12. Ne5 {[%emt 0:00:04]} Bxe5 {[%emt 0:00:19]} 13. dxe5 {[%emt 0:00:02]} Re8 {[%emt 0:00:13]} 14. Nxd5 {[%emt 0:00:06]} Bxd5 {[%emt 0:00:16]} 15. Bxd5 {[%emt 0:00:02]} Rxe5 {[%emt 0:00:33]} 16. Qf3 {[%emt 0:00:09]} Qxd5 {[%emt 0:00:12]} 17. Qxd5 {[%emt 0:00:14]} Rxd5 {[%emt 0:00:02]} 18. Re2 {[%emt 0:00:01]} Rad8 {[%emt 0:00:07]} 19. Rae1 {[%emt 0:00:02]} Rd2 {[%emt 0:00:11]} 20. Re3 {[%emt 0:00:07]} Rxc2 {[%emt 0:00:03]} 21. b3 {[%emt 0:00:07]} Rxa2 {[%emt 0:00:03]} 22. Kg2 {[%emt 0:00:04]} Rdd2 {[%emt 0:00:03]} 23. Re8+ {[%emt 0:00:02]} Kh7 {[%emt 0:00:02]} 24. Rf1 {[%emt 0:00:15]} Nd4 {[%emt 0:00:08]} 25. Re7 {[%emt 0:00:06]} Nb5 {[%emt 0:00:11]} 26. Rxf7 {[%emt 0:00:06]} Rab2 {[%emt 0:00:03]} 27. Re1 {[%emt 0:00:02]} Nd6 {[%emt 0:00:15]} 28. Rxc7 {[%emt 0:00:08]} Rxf2+ {[%emt 0:00:02]} 29. Kh3 {[%emt 0:00:02]} Rxh2+ {[%emt 0:00:02]} 30. Kg4 {[%emt 0:00:02]} Rxb3 {[%emt 0:00:09]} 31. Ree7 {[%emt 0:00:04]} Nf5 {[%emt 0:00:09]} 32. Kxf5 {[%emt 0:00:04]} Rxg3 {[%emt 0:00:01]} 33. Kf4 {[%emt 0:00:03]} Rhg2 {[%emt 0:00:03]} 34. Rxb7 {[%emt 0:00:04]} h5 {[%emt 0:00:03]} 35. Rxa7 {[%emt 0:00:02]} h4 {[%emt 0:00:02]} 36. Ra1 {[%emt 0:00:04]} h3 {[%emt 0:00:02]} 37. Rh1 {[%emt 0:00:02]} h2 {[%emt 0:00:04]} 38. Rd7 {[%emt 0:00:12]} Rg4+ {[%emt 0:00:04]} 39. Kf3 {[%emt 0:00:02]} R2g3+ {[%emt 0:00:03]} 40. Kf2 {[%emt 0:00:06]} Rg2+ {[%emt 0:00:03]} 41. Ke3 {[%emt 0:00:03]} R2g3+ {[%emt 0:00:02]} 42. Ke2 {[%emt 0:00:04]} Rh3 {[%emt 0:00:01]} 43. Rd3 {[%emt 0:00:22]} Rg1 {[%emt 0:00:03]} 44. Rxh3+ {[%emt 0:00:04]} Kg8 {[%emt 0:00:01]} 45. R1xh2 {[%emt 0:00:02]} Rc1 {[%emt 0:00:02]} 46. Rh8+ {[%emt 0:00:04] BeatG10 offers a draw} Kf7 {[%emt 0:00:02]} 47. Rf2+ {[%emt 0:00:03]} Kg6 {[%emt 0:00:04]} 48. Rh3 {[%emt 0:00:05]} Rc2+ {[%emt 0:00:03]} 49. Ke3 {[%emt 0:00:08]} Rc7 {[%emt 0:00:01]} 50. Rg3+ {[%emt 0:00:03]} Kh7 {[%emt 0:00:02]} 51. Rh2+ {[%emt 0:00:02]} Kg8 {[%emt 0:00:01]} 52. Rf2 {[%emt 0:00:04]} Re7+ {[%emt 0:00:01]} 53. Kd4 {[%emt 0:00:05]} Kh7 {[%emt 0:00:01]} 54. Rh3+ {[%emt 0:00:05]} Kg8 {[%emt 0:00:01]} 55. Rhf3 {[%emt 0:00:05]} Re8 {[%emt 0:00:05]} 56. Kd5 {[%emt 0:00:03]} Kh7 {[%emt 0:00:02]} 57. Rh2+ {[%emt 0:00:03]} Kg8 {[%emt 0:00:01]} 58. Rhh3 {[%emt 0:00:04]} Re7 {[%emt 0:00:02]} 59. Kd6 {[%emt 0:00:01]} Re4 {[%emt 0:00:04]} 60. Kd5 {[%emt 0:00:04]} Rg4 {[%emt 0:00:01]} 61. Ke6 {[%emt 0:00:05]} Rg6+ {[%emt 0:00:02]} 62. Ke7 {[%emt 0:00:02]} Rh6 {[%emt 0:00:07]} 63. Rf8+ {[%emt 0:00:03]} Kh7 {[%emt 0:00:01]} 64. Rxh6+ {[%emt 0:00:01]} Kxh6 {[%emt 0:00:01]} 65. Rh8+ {[%emt 0:00:02]} Kg5 {[%emt 0:00:02]} 66. Kf7 {[%emt 0:00:02]} g6 {[%emt 0:00:01]} 67. Rg8 {[%emt 0:00:02]} Kf5 {[%emt 0:00:01]} 68. Rxg6 {[%emt 0:00:01]} Ke5 {[%emt 0:00:01]} 69. Rh6 {[%emt 0:00:03]} Kf5 {[%emt 0:00:01]} 70. Rh5+ {[%emt 0:00:01]} Ke4 {[%emt 0:00:01]} 71. Kf6 {[%emt 0:00:02]} Kd4 {[%emt 0:00:01]} 72. Ke6 {[%emt 0:00:01]} Kc4 {[%emt 0:00:01]} 73. Kd6 {[%emt 0:00:01]} Kb4 {[%emt 0:00:01]} 74. Kc6 {[%emt 0:00:01]} Ka4 {[%emt 0:00:01]} 75. Kb6 {[%emt 0:00:01]} Kb4 {[%emt 0:00:01]} 76. Rh4+ {[%emt 0:00:01]} Kc3 {[%emt 0:00:01]} 77. Kb5 {[%emt 0:00:01]} Kd3 {[%emt 0:00:01]} 78. Kc5 {[%emt 0:00:01]} Ke3 {[%emt 0:00:01]} 79. Kd5 {[%emt 0:00:01]} Kf3 {[%emt 0:00:01]} 80. Ke5 {[%emt 0:00:01]} Kg3 {[%emt 0:00:01]} 81. Ra4 {[%emt 0:00:02]} Kf3 {[%emt 0:00:01]} 82. Rb4 {[%emt 0:00:02]} Kg3 {[%emt 0:00:01]} 83. Kf5 {[%emt 0:00:01]} Kh3 {[%emt 0:00:01]} 84. Kg5 {[%emt 0:00:01]} Kg3 {[%emt 0:00:01]} 85. Rb3+ {[%emt 0:00:01]} Kg2 {[%emt 0:00:01]} 86. Kf4 {[%emt 0:00:02]} Kf2 {[%emt 0:00:01]} 87. Rb2+ {[%emt 0:00:01]} Ke1 {[%emt 0:00:01]} 88. Kf3 {[%emt 0:00:02]} Kd1 {[%emt 0:00:01]} 89. Ke3 {[%emt 0:00:01]} Kc1 {[%emt 0:00:01]} 90. Rh2 {[%emt 0:00:01]} Kd1 {[%emt 0:00:02]} 91. Rg2 {[%emt 0:00:02]} Kc1 {[%emt 0:00:01]} 92. Kd3 {[%emt 0:00:01]} Kb1 {[%emt 0:00:01]} 93. Kc3 {[%emt 0:00:01]} Ka1 {[%emt 0:00:01]} 94. Kb3 {[%emt 0:00:01]} Kb1 {[%emt 0:00:01]} 95. Rg1# {[%emt 0:00:01] Mate Mate} 1-0

[Event "OeISM Blitz U10 B"]
[Site "austriaU10b"]
[Date "2020.12.11"]
[Round "7"]
[White "Max003"]
[Black "DenizK2011"]
[Result "0-1"]
[WhiteElo "1422"]
[BlackElo "1445"]
[Annotator "NA"]
[PlyCount "114"]
[EventDate "2020.12.11"]
[EventType "blitz"]

1. d4 {[%emt 0:00:02]} d5 {[%emt 0:00:03]} 2. Bf4 {[%emt 0:00:03]} Nc6 {[%emt 0:00:01]} 3. Nf3 {[%emt 0:00:03]} Bf5 {[%emt 0:00:02]} 4. e3 {[%emt 0:00:03]} Nb4 {[%emt 0:00:04]} 5. Na3 {[%emt 0:00:03]} Nc6 {[%emt 0:00:03]} 6. c3 {[%emt 0:00:02]} Nf6 {[%emt 0:00:03]} 7. Nb1 {[%emt 0:00:02]} e6 {[%emt 0:00:04]} 8. Nbd2 {[%emt 0:00:02]} Bd6 {[%emt 0:00:02]} 9. Ne5 {[%emt 0:00:05]} Nxe5 {[%emt 0:00:11]} 10. dxe5 {[%emt 0:00:02]} Nh5 {[%emt 0:00:05]} 11. exd6 {[%emt 0:00:02]} Nxf4 {[%emt 0:00:01]} 12. dxc7 {[%emt 0:00:04]} Qxc7 {[%emt 0:00:03]} 13. exf4 {[%emt 0:00:01]} O-O {[%emt 0:00:12]} 14. h3 {[%emt 0:00:04]} Qxf4 {[%emt 0:00:03]} 15. f3 {[%emt 0:00:05]} Qe5+ {[%emt 0:00:08]} 16. Be2 {[%emt 0:00:05]} Bd3 {[%emt 0:00:06]} 17. Nb3 {[%emt 0:00:07]} Bc4 {[%emt 0:00:08]} 18. Nc5 {[%emt 0:00:08]} Rfd8 {[%emt 0:00:11]} 19. Nxb7 {[%emt 0:00:05]} Rd7 {[%emt 0:00:02]} 20. Na5 {[%emt 0:00:02]} Rb8 {[%emt 0:00:08]} 21. Nxc4 {[%emt 0:00:03]} Rbd8 {[%emt 0:00:10]} 22. Na3 {[%emt 0:00:13]} d4 {[%emt 0:00:07]} 23. Qc2 {[%emt 0:00:06]} d3 {[%emt 0:00:12]} 24. Qd2 {[%emt 0:00:10]} dxe2 {[%emt 0:00:18]} 25. Qxe2 {[%emt 0:00:02]} Qxe2+ {[%emt 0:00:03]} 26. Kxe2 {[%emt 0:00:02]} Rd2+ {[%emt 0:00:03]} 27. Kf1 {[%emt 0:00:03]} Rxb2 {[%emt 0:00:07]} 28. Kg1 {[%emt 0:00:06]} Rdd2 {[%emt 0:00:03]} 29. Rh2 {[%emt 0:00:05]} f5 {[%emt 0:00:11]} 30. Nc4 {[%emt 0:00:02]} Rxa2 {[%emt 0:00:07]} 31. Rxa2 {[%emt 0:00:06]} Rxa2 {[%emt 0:00:03]} 32. Ne3 {[%emt 0:00:06]} Ra3 {[%emt 0:00:04]} 33. Nd1 {[%emt 0:00:03]} Ra1 {[%emt 0:00:02]} 34. Kf2 {[%emt 0:00:05]} Rxd1 {[%emt 0:00:02]} 35. g4 {[%emt 0:00:02]} f4 {[%emt 0:00:09]} 36. Ke2 {[%emt 0:00:08]} Ra1 {[%emt 0:00:15]} 37. Kd2 {[%emt 0:00:03]} Ra2+ {[%emt 0:00:03]} 38. Kd3 {[%emt 0:00:04]} Rxh2 {[%emt 0:00:02]} 39. c4 {[%emt 0:00:00]} Rxh3 {[%emt 0:00:04]} 40. Kd4 {[%emt 0:00:02]} Rxf3 {[%emt 0:00:02]} 41. c5 {[%emt 0:00:01]} Rf1 {[%emt 0:00:04]} 42. Ke5 {[%emt 0:00:04]} Rc1 {[%emt 0:00:04]} 43. Kd6 {[%emt 0:00:02]} a5 {[%emt 0:00:02]} 44. c6 {[%emt 0:00:02]} a4 {[%emt 0:00:01]} 45. c7 {[%emt 0:00:01]} a3 {[%emt 0:00:03]} 46. Kd7 {[%emt 0:00:03]} Rxc7+ {[%emt 0:00:02]} 47. Kxc7 {[%emt 0:00:02]} a2 {[%emt 0:00:01]} 48. Kb6 {[%emt 0:00:00]} a1=Q {[%emt 0:00:02]} 49. Kc5 {[%emt 0:00:00]} Qa5+ {[%emt 0:00:03]} 50. Kd6 {[%emt 0:00:00]} e5 {[%emt 0:00:01]} 51. Ke6 {[%emt 0:00:02]} e4 {[%emt 0:00:01]} 52. Kd7 {[%emt 0:00:02]} e3 {[%emt 0:00:02]} 53. Ke8 {[%emt 0:00:00]} e2 {[%emt 0:00:04]} 54. g5 {[%emt 0:00:00]} e1=Q+ {[%emt 0:00:04]} 55. Kd7 {[%emt 0:00:00]} Qd1+ {[%emt 0:00:04]} 56. Kc8 {[%emt 0:00:03]} Qdd8+ {[%emt 0:00:02]} 57. Kb7 {[%emt 0:00:02]} Qdc7# {[%emt 0:00:01] Mate Mate} 0-1

[Event "OeISM Blitz U10 B"]
[Site "austriaU10b"]
[Date "2020.12.11"]
[Round "7"]
[White "Hamino10"]
[Black "Hugo_11"]
[Result "0-1"]
[WhiteElo "1389"]
[BlackElo "1333"]
[Annotator "NA"]
[PlyCount "68"]
[EventDate "2020.12.11"]
[EventType "blitz"]

1. e4 {[%emt 0:00:02]} e5 {[%emt 0:00:02]} 2. Nf3 {[%emt 0:00:02]} Nc6 {[%emt 0:00:03]} 3. Nc3 {[%emt 0:00:02]} Nf6 {[%emt 0:00:02]} 4. Bb5 {[%emt 0:00:02]} Bb4 {[%emt 0:00:05]} 5. Bxc6 {[%emt 0:00:01]} bxc6 {[%emt 0:00:03]} 6. Nxe5 {[%emt 0:00:01]} Bxc3 {[%emt 0:00:06]} 7. dxc3 {[%emt 0:00:00]} Qe7 {[%emt 0:00:04]} 8. Nf3 {[%emt 0:00:01]} Qxe4+ {[%emt 0:00:02]} 9. Be3 {[%emt 0:00:03]} Qg4 {[%emt 0:00:07]} 10. O-O {[%emt 0:00:02]} O-O {[%emt 0:00:03]} 11. Bc5 {[%emt 0:00:19]} d6 {[%emt 0:00:04]} 12. Bd4 {[%emt 0:00:06]} c5 {[%emt 0:00:03]} 13. Bxf6 {[%emt 0:00:01]} gxf6 {[%emt 0:00:03]} 14. h3 {[%emt 0:00:04]} Qg6 {[%emt 0:00:07]} 15. Nh4 {[%emt 0:00:04]} Qg5 {[%emt 0:00:07]} 16. Re1 {[%emt 0:00:12]} Bxh3 {[%emt 0:00:05]} 17. Qf3 {[%emt 0:00:07]} Bg4 {[%emt 0:00:04]} 18. Re4 {[%emt 0:00:07]} Bxf3 {[%emt 0:00:04]} 19. Nxf3 {[%emt 0:00:04]} Qf5 {[%emt 0:00:06]} 20. Rh4 {[%emt 0:00:03]} Qxc2 {[%emt 0:00:09]} 21. Rg4+ {[%emt 0:00:04]} Kh8 {[%emt 0:00:03]} 22. Nh4 {[%emt 0:00:03]} Rg8 {[%emt 0:00:03]} 23. Rxg8+ {[%emt 0:00:02]} Kxg8 {[%emt 0:00:02]} 24. Re1 {[%emt 0:00:03]} Qxb2 {[%emt 0:00:08]} 25. Re3 {[%emt 0:00:03]} Qc1+ {[%emt 0:00:05]} 26. Kh2 {[%emt 0:00:04]} Rd8 {[%emt 0:00:11]} 27. Rg3+ {[%emt 0:00:02]} Kf8 {[%emt 0:00:05]} 28. Nf5 {[%emt 0:00:03]} Qf4 {[%emt 0:00:07]} 29. Nxd6 {[%emt 0:00:24]} Rxd6 {[%emt 0:00:03]} 30. a4 {[%emt 0:00:02]} Qxf2 {[%emt 0:00:02]} 31. c4 {[%emt 0:00:03]} Qf4 {[%emt 0:00:03]} 32. a5 {[%emt 0:00:00]} Rd3 {[%emt 0:00:03]} 33. a6 {[%emt 0:00:09]} Qxg3+ {[%emt 0:00:02]} 34. Kg1 {[%emt 0:00:02]} Rd1# {[%emt 0:00:03] Mate Mate} 0-1